<?xml version="1.0" encoding="UTF-8"?>
<record
    xmlns:xsi="http://www.w3.org/2001/XMLSchema-instance"
    xsi:schemaLocation="http://www.loc.gov/MARC21/slim http://www.loc.gov/standards/marcxml/schema/MARC21slim.xsd"
    xmlns="http://www.loc.gov/MARC21/slim">

  <leader>01398nam a2200337   4500</leader>
  <controlfield tag="003">MX-MxINE</controlfield>
  <controlfield tag="005">20260601193906.0</controlfield>
  <controlfield tag="008">260520b2017    mx a|||| |||| 00| 0 spa d</controlfield>
  <datafield tag="020" ind1=" " ind2=" ">
    <subfield code="a"> 9786076054895</subfield>
  </datafield>
  <datafield tag="040" ind1=" " ind2=" ">
    <subfield code="a">ICI</subfield>
    <subfield code="b">spa</subfield>
    <subfield code="c">ICI</subfield>
    <subfield code="e">rda</subfield>
  </datafield>
  <datafield tag="041" ind1=" " ind2=" ">
    <subfield code="a">spa</subfield>
    <subfield code="g">eng</subfield>
  </datafield>
  <datafield tag="050" ind1=" " ind2=" ">
    <subfield code="a">NK1464.A1</subfield>
    <subfield code="b">C54</subfield>
  </datafield>
  <datafield tag="100" ind1=" " ind2="1">
    <subfield code="a">Torres, Francisco/Leon, Luis Miguel,</subfield>
    <subfield code="e">editor</subfield>
    <subfield code="9">34467</subfield>
  </datafield>
  <datafield tag="245" ind1=" " ind2=" ">
    <subfield code="a">100 a&#xF1;os de dise&#xF1;o suizo / </subfield>
    <subfield code="c">Francisco Torres, Luis Miguel Le&#xF3;n, edici&#xF3;n ; Daniela Ibarra, traducci&#xF3;n ingl&#xE9;s = 100 years of swiss design / Francisco Torres, Luis Miguel Le&#xF3;n, edition ; Daniela Ibarra, english translation</subfield>
  </datafield>
  <datafield tag="246" ind1=" " ind2="3">
    <subfield code="a">100 years of swiss design</subfield>
  </datafield>
  <datafield tag="246" ind1=" " ind2="3">
    <subfield code="a">Cien a&#xF1;os de dise&#xF1;o suizo</subfield>
  </datafield>
  <datafield tag="246" ind1=" " ind2="3">
    <subfield code="a"> One hundred years of swiss design</subfield>
  </datafield>
  <datafield tag="250" ind1=" " ind2=" ">
    <subfield code="a">Primera edici&#xF3;n =</subfield>
    <subfield code="b">First edition</subfield>
  </datafield>
  <datafield tag="264" ind1=" " ind2=" ">
    <subfield code="a">Ciudad de M&#xE9;xico: </subfield>
    <subfield code="b">Instituto Nacional de Bellas Artes : </subfield>
    <subfield code="b">Embajada de Suiza en M&#xE9;xico, </subfield>
    <subfield code="c">2017</subfield>
  </datafield>
  <datafield tag="300" ind1=" " ind2=" ">
    <subfield code="a"> 211 p&#xE1;ginas :</subfield>
    <subfield code="b">ilustraciones a color</subfield>
  </datafield>
  <datafield tag="336" ind1=" " ind2=" ">
    <subfield code="2">rdacontent</subfield>
    <subfield code="a">texto</subfield>
  </datafield>
  <datafield tag="337" ind1=" " ind2=" ">
    <subfield code="2">rdamedia</subfield>
    <subfield code="a">sin medio</subfield>
  </datafield>
  <datafield tag="338" ind1=" " ind2=" ">
    <subfield code="2">rdacarrier</subfield>
    <subfield code="a">volumen</subfield>
  </datafield>
  <datafield tag="650" ind1=" " ind2=" ">
    <subfield code="a">Dise&#xF1;o</subfield>
    <subfield code="v">Exposiciones</subfield>
    <subfield code="z">Suiza</subfield>
    <subfield code="9">34468</subfield>
  </datafield>
  <datafield tag="650" ind1=" " ind2=" ">
    <subfield code="a">Dise&#xF1;o </subfield>
    <subfield code="x">Historia</subfield>
    <subfield code="z">Suiza</subfield>
    <subfield code="9">34469</subfield>
  </datafield>
  <datafield tag="650" ind1=" " ind2=" ">
    <subfield code="a">Dise&#xF1;o</subfield>
    <subfield code="v">Exposiciones </subfield>
    <subfield code="z">Ciudad de M&#xE9;xico</subfield>
    <subfield code="9">34470</subfield>
  </datafield>
  <datafield tag="700" ind1=" " ind2=" ">
    <subfield code="a">Torres, Francisco,</subfield>
    <subfield code="e">editor</subfield>
    <subfield code="9">34471</subfield>
  </datafield>
  <datafield tag="700" ind1=" " ind2=" ">
    <subfield code="a">Leon, Luis Miguel, </subfield>
    <subfield code="e">editor</subfield>
    <subfield code="9">29519</subfield>
  </datafield>
  <datafield tag="700" ind1=" " ind2=" ">
    <subfield code="a">Ibarra, Daniela, </subfield>
    <subfield code="e">traductor</subfield>
    <subfield code="9">29520</subfield>
  </datafield>
  <datafield tag="942" ind1=" " ind2=" ">
    <subfield code="2">lcc</subfield>
    <subfield code="n">1</subfield>
    <subfield code="c">B</subfield>
  </datafield>
  <datafield tag="999" ind1=" " ind2=" ">
    <subfield code="c">22400</subfield>
    <subfield code="d">22400</subfield>
  </datafield>
  <datafield tag="952" ind1=" " ind2=" ">
    <subfield code="0">0</subfield>
    <subfield code="1">0</subfield>
    <subfield code="2">lcc</subfield>
    <subfield code="4">0</subfield>
    <subfield code="7">0</subfield>
    <subfield code="a">BDIMFM</subfield>
    <subfield code="b">BDIMFM</subfield>
    <subfield code="d">2026-05-20</subfield>
    <subfield code="l">0</subfield>
    <subfield code="o">NK1464.A1 C54</subfield>
    <subfield code="p">BDIMFM001222</subfield>
    <subfield code="r">2026-05-20 20:00:33</subfield>
    <subfield code="t">Ej.1</subfield>
    <subfield code="w">2026-05-20</subfield>
    <subfield code="y">B</subfield>
  </datafield>
</record>
